<?xml version="1.0" encoding="UTF-8"?>
<record
    xmlns:xsi="http://www.w3.org/2001/XMLSchema-instance"
    xsi:schemaLocation="http://www.loc.gov/MARC21/slim http://www.loc.gov/standards/marcxml/schema/MARC21slim.xsd"
    xmlns="http://www.loc.gov/MARC21/slim">

  <leader>00775nam a2200229 a 4500</leader>
  <controlfield tag="001">85600</controlfield>
  <controlfield tag="003">BD-RjUL</controlfield>
  <controlfield tag="005">20250901094039.0</controlfield>
  <controlfield tag="008">250901s1976    p  ||||| |||| 00| 0 urd d</controlfield>
  <datafield tag="035" ind1=" " ind2=" ">
    <subfield code="a">(BD-RjUL)85600</subfield>
  </datafield>
  <datafield tag="040" ind1=" " ind2=" ">
    <subfield code="a">BD-RjUL</subfield>
    <subfield code="b">eng</subfield>
    <subfield code="c">BD-RjUL</subfield>
  </datafield>
  <datafield tag="041" ind1=" " ind2=" ">
    <subfield code="a">urd</subfield>
  </datafield>
  <datafield tag="082" ind1=" " ind2=" ">
    <subfield code="2">23</subfield>
    <subfield code="a">891.439092</subfield>
    <subfield code="b">RAM 1976</subfield>
  </datafield>
  <datafield tag="100" ind1=" " ind2=" ">
    <subfield code="a"> &#x631;&#x636;&#x627;&#x60C; &#x6A9;&#x627;&#x644;&#x649;&#x62F;&#x627;&#x633; &#x6AF;&#x67E;&#x62A;&#x627; ;&#x60C;</subfield>
    <subfield code="d">1883-1976</subfield>
    <subfield code="9">16709</subfield>
  </datafield>
  <datafield tag="245" ind1=" " ind2=" ">
    <subfield code="a">&#x645;&#x6A9;&#x62A;&#x648;&#x628;&#x627;&#x62A; &#x62C;&#x648;&#x634; &#x645;&#x644;&#x633;&#x649;&#x627;&#x646;&#x649; &#x628;&#x646;&#x627;&#x645; &#x631;&#x636;&#x627; ;;  Makt&#x16B;b&#x101;t-i Josh Malsiy&#x101;n&#x12B; ban&#x101;m Ra&#x1E93;&#x101; /</subfield>
    <subfield code="c">&#x6A9;&#x627;&#x644;&#x649;&#x62F;&#x627;&#x633; &#x6AF;&#x67E;&#x62A;&#x627; &#x631;&#x636;&#x627;. ;;;  K&#x101;l&#x12B;d&#x101;s Gupt&#x101; Ra&#x1E93;&#x101;., </subfield>
  </datafield>
  <datafield tag="260" ind1=" " ind2=" ">
    <subfield code="a">Karachi :</subfield>
    <subfield code="b">Vimal pub . ;</subfield>
    <subfield code="c">1976</subfield>
  </datafield>
  <datafield tag="300" ind1=" " ind2=" ">
    <subfield code="a">176 p.;</subfield>
    <subfield code="c">21 cm</subfield>
  </datafield>
  <datafield tag="500" ind1=" " ind2=" ">
    <subfield code="a">Includes index</subfield>
  </datafield>
  <datafield tag="650" ind1=" " ind2=" ">
    <subfield code="a">Poets, </subfield>
    <subfield code="v">Urdu 20th century </subfield>
    <subfield code="9">16710</subfield>
  </datafield>
  <datafield tag="650" ind1=" " ind2=" ">
    <subfield code="a">Urdu Poets</subfield>
  </datafield>
  <datafield tag="942" ind1=" " ind2=" ">
    <subfield code="2">ddc</subfield>
    <subfield code="c">BK</subfield>
  </datafield>
  <datafield tag="999" ind1=" " ind2=" ">
    <subfield code="c">85600</subfield>
    <subfield code="d">85600</subfield>
  </datafield>
  <datafield tag="952" ind1=" " ind2=" ">
    <subfield code="0">0</subfield>
    <subfield code="1">0</subfield>
    <subfield code="2">ddc</subfield>
    <subfield code="4">0</subfield>
    <subfield code="7">1</subfield>
    <subfield code="8">NFIC</subfield>
    <subfield code="a">RUCL</subfield>
    <subfield code="b">RUCL</subfield>
    <subfield code="c">Reading</subfield>
    <subfield code="d">1985-12-22</subfield>
    <subfield code="e">Asiatic book agency Calcatta</subfield>
    <subfield code="g">19.50</subfield>
    <subfield code="o">U 891.439092 RAM 1976</subfield>
    <subfield code="r">2025-09-01 00:00:00</subfield>
    <subfield code="t">C-1</subfield>
    <subfield code="y">BK</subfield>
  </datafield>
</record>
